Comisión Estatal de Derechos Humanos Jalisco : informe anual de actividades, agosto 1995 /

Guardado en:
Detalles Bibliográficos
Autor corporativo: Jalisco. Comisión Estatal de Derechos Humanos. Presidente. 1993-1997 (Hidalgo Riestra)
Otros autores: Hidalgo Riestra, Carlos (autor) (autor)
Formato: Libro
Idioma:Español
Publicado: Guadalajara, México : Comisión Estatal de Derechos Humanos Jalisco, 1995
Temas:
Etiquetas: Agrega una etiqueta
Sin etiquetas, Sé el primero en etiquetar este registro!

MARC

LEADER 00000nam^a2200000^a^4500
001 000616224
005 20250823000000.0
009 20260310133718.039
037 |a Acervo ITESO - Biblioteca 
041 |a ESP 
082 |a 323. 097235  |b JAL 1995 
110 |a Jalisco.  |b Comisión Estatal de Derechos Humanos. Presidente. 1993-1997 (Hidalgo Riestra) 
240 1 1 |a [Informe de la Comisión Estatal de Derechos Humanos de Jalisco] 
245 1 0 |a Comisión Estatal de Derechos Humanos Jalisco :  |b informe anual de actividades, agosto 1995 /  |c C. Hidalgo Riestra. 
264 1 |a Guadalajara, México :  |b Comisión Estatal de Derechos Humanos Jalisco,  |c 1995 
300 |a 46, 74, 100, 147, 22 p., 21 láminas ;  |c 28.0 cm. 
336 |a texto  |b txt  |2 rdacontenido 
337 |a sin mediación  |b n  |2 rdamedio 
338 |a volumen  |b nc  |2 rdasoporte 
649 |a XX 
650 |a Derechos Humanos -  |z Jalisco -  |x Informes -  |x Tema Principal 
650 |a Derechos Humanos -  |z México -  |x Informes 
650 |a Derechos Humanos -  |z Jalisco -  |x Historia -  |y 1994-2000 
650 |a Derechos Humanos -  |z México -  |x Historia -  |y 1994-2000 
650 |a Política -  |z Jalisco -  |x Historia -  |y 1994-2000 
650 |a Política -  |z Jalisco -  |x Historia -  |y 1994-2000 
700 |a Hidalgo Riestra, Carlos  |e (autor) 
910 |a Fondo Castillo-Martínez 
920 |a Impresos - Libros 
930 |a Libros Antiguos y Raros 
905 |a 108 
901 |a 616587-10  |b IT2  |c LRA  |i D130040  |u 20250626 
901 |a 0500364428  |b IT2  |c LRA  |i D129034  |u 20250823 
902 |a https://opac.biblio.iteso.mx/vufind/Record/000616224